000 00585nam a22001937a 4500
005 20251108164303.0
008 250721s1972 xx 000 0 ara d
082 1 4 _a219.04/مصط
100 1 _aالسباعي، مصطفى
245 1 0 _aالسيرة النبوية :
_bدروس و عبر /
264 1 _aدمشق :
_bدار الكتب العربيه،
_c1972.
300 _a232ص.
490 0 _aروائع الفكر الإسلامي
650 1 7 _aالسيرة النبوية
650 1 7 _aالمقالات
650 1 7 _aالمحاضرات
942 _2ddc
_cBK
999 _c8418
_d8418